<?xml version="1.0" encoding="UTF-8"?>
<record
    xmlns:xsi="http://www.w3.org/2001/XMLSchema-instance"
    xsi:schemaLocation="http://www.loc.gov/MARC21/slim http://www.loc.gov/standards/marcxml/schema/MARC21slim.xsd"
    xmlns="http://www.loc.gov/MARC21/slim">

  <leader>02276    a2200253   4500</leader>
  <controlfield tag="001">49405</controlfield>
  <controlfield tag="005">20260407155757.0</controlfield>
  <controlfield tag="008">260407a2018    arg                 spa d</controlfield>
  <controlfield tag="003">AR-UNSa-BCEJYS</controlfield>
  <datafield tag="040" ind1=" " ind2=" ">
    <subfield code="a">AR-UNSa-BCEJYS</subfield>
    <subfield code="b">spa</subfield>
    <subfield code="c">AR-UNSa-BCEJYS</subfield>
  </datafield>
  <datafield tag="080" ind1=" " ind2=" ">
    <subfield code="a">336.225</subfield>
    <subfield code="x">M&#xE9;todo de tributaci&#xF3;n y administraci&#xF3;n de impuestos </subfield>
  </datafield>
  <datafield tag="245" ind1="1" ind2="0">
    <subfield code="a">Procedimiento tributario</subfield>
    <subfield code="p">Ley 11.683, Decreto 618/97</subfield>
  </datafield>
  <datafield tag="020" ind1=" " ind2=" ">
    <subfield code="a">978-987-03-3616-7</subfield>
  </datafield>
  <datafield tag="250" ind1=" " ind2=" ">
    <subfield code="a">9a. ed.</subfield>
  </datafield>
  <datafield tag="264" ind1=" " ind2="1">
    <subfield code="a">Buenos Aires :</subfield>
    <subfield code="b">La Ley</subfield>
    <subfield code="c">2018</subfield>
  </datafield>
  <datafield tag="300" ind1=" " ind2=" ">
    <subfield code="a">cxxx, 1104 p.</subfield>
    <subfield code="c">24 cm.</subfield>
  </datafield>
  <datafield tag="505" ind1=" " ind2=" ">
    <subfield code="a">1. Disposiciones generales / Teresa G&#xF3;mez - 2. Sujetos de los deberes impositivos / Carlos Mar&#xED;a Folco - 3. Determinaci&#xF3;n y percepci&#xF3;n de impuestos / Teresa G&#xF3;mez - 4. Del pago / Carlos Mar&#xED;a Folco - 5. Verificaci&#xF3;n y calificaci&#xF3;n / Carlos Mar&#xED;a Folco - 6. Intereses, il&#xED;citos y sanciones / Teresa G&#xF3;mez - 7. Responsables de las sanciones / Teresa G&#xF3;mez - 8. De la prescripci&#xF3;n / Carlos Mar&#xED;a Folco - 9. Procedimiento penal y contencioso administrativo / Teresa G&#xF3;mez - 10. Procedimiento contencioso judicial / Carlos Mar&#xED;a Folco - 11. Juicio de ejecuci&#xF3;n fiscal / Carlos Mar&#xED;a Folco - 12. Disposiciones varias / Carlos Mar&#xED;a Folco - 13. Reg&#xED;menes especial de fiscalizaci&#xF3;n / Carlos Mar&#xED;a Folco - 14. Cuestas de jerarquizaci&#xF3;n / Teresa G&#xF3;mez - 15. R&#xE9;gimen de actualizaci&#xF3;n / Teresa G&#xF3;mez - 16. Reg&#xED;menes de promoci&#xF3;n / Teresa G&#xF3;mez  - - T&#xED;tulo II: 1. De la organizaci&#xF3;n y competencia de los Tribunales Fiscales y actualizaci&#xF3;n ante ellos / Teresa G&#xF3;mez - 2. De las acciones y recursos / Teresa G&#xF3;mez - 3. De la sentencia del tribunal / Teresa G&#xF3;mez - 4. Disposiciones generales / Teresa G&#xF3;mez  - - T&#xED;tulo III: Otras disposiciones / Teresa G&#xF3;mez  - - T&#xED;tulo IV: (T&#xED;tulo incorporado por Art. 244 de la Ley 27.430 BO/2912/2017): 1. Procedimientos de acuerdo mutuo previstos en los convenios para evitar la doble imposici&#xF3;n internacional - 2. Determinaciones conjuntas de precios de operaciones internacionales / Carlos Mar&#xED;a Folco.</subfield>
  </datafield>
  <datafield tag="041" ind1=" " ind2=" ">
    <subfield code="a">spa</subfield>
  </datafield>
  <datafield tag="942" ind1=" " ind2=" ">
    <subfield code="c">BK</subfield>
  </datafield>
  <datafield tag="590" ind1=" " ind2=" ">
    <subfield code="a">niveau_biblio:m niveau_hierar:0</subfield>
  </datafield>
  <datafield tag="100" ind1="1" ind2=" ">
    <subfield code="a">G&#xF3;mez, Teresa</subfield>
  </datafield>
  <datafield tag="700" ind1="1" ind2=" ">
    <subfield code="a">Folco, Carlos Maria</subfield>
  </datafield>
  <datafield tag="856" ind1="4" ind2="1">
    <subfield code="u">https://www.biblioeco.unsa.edu.ar/pmb/images/libros/L128057.jpg</subfield>
    <subfield code="y">Imagen de portada</subfield>
    <subfield code="q">image/jpeg</subfield>
  </datafield>
  <datafield tag="999" ind1=" " ind2=" ">
    <subfield code="c">4823</subfield>
    <subfield code="d">4823</subfield>
  </datafield>
  <datafield tag="952" ind1=" " ind2=" ">
    <subfield code="0">0</subfield>
    <subfield code="1">0</subfield>
    <subfield code="4">0</subfield>
    <subfield code="7">0</subfield>
    <subfield code="a">BCEJYS</subfield>
    <subfield code="b">BCEJYS</subfield>
    <subfield code="c">16</subfield>
    <subfield code="d">2026-04-07</subfield>
    <subfield code="l">0</subfield>
    <subfield code="o">336.225 G633 9ed.</subfield>
    <subfield code="p">L128057</subfield>
    <subfield code="r">2026-04-07 15:57:57</subfield>
    <subfield code="w">2026-04-07</subfield>
    <subfield code="y">L</subfield>
    <subfield code="z">H&#xDA;MEDO - CANTO SUPERIOR MANCHADO</subfield>
  </datafield>
  <datafield tag="952" ind1=" " ind2=" ">
    <subfield code="0">0</subfield>
    <subfield code="1">0</subfield>
    <subfield code="4">0</subfield>
    <subfield code="7">0</subfield>
    <subfield code="a">BCEJYS</subfield>
    <subfield code="b">BCEJYS</subfield>
    <subfield code="c">16</subfield>
    <subfield code="d">2026-04-07</subfield>
    <subfield code="l">0</subfield>
    <subfield code="o">336.225 G633 9ed.</subfield>
    <subfield code="p">L128058</subfield>
    <subfield code="r">2026-04-07 15:57:57</subfield>
    <subfield code="w">2026-04-07</subfield>
    <subfield code="y">L</subfield>
    <subfield code="z">CANTO UN POCO MANCHADO - H&#xDA;MEDO</subfield>
  </datafield>
  <datafield tag="952" ind1=" " ind2=" ">
    <subfield code="0">0</subfield>
    <subfield code="1">0</subfield>
    <subfield code="4">0</subfield>
    <subfield code="7">0</subfield>
    <subfield code="a">BCEJYS</subfield>
    <subfield code="b">BCEJYS</subfield>
    <subfield code="c">16</subfield>
    <subfield code="d">2026-04-07</subfield>
    <subfield code="l">0</subfield>
    <subfield code="o">336.225 G633 9ed.</subfield>
    <subfield code="p">L128059</subfield>
    <subfield code="r">2026-04-07 15:57:57</subfield>
    <subfield code="w">2026-04-07</subfield>
    <subfield code="y">L</subfield>
    <subfield code="z">H&#xDA;MEDO - CANTO SUPERIOR CON MANCHA</subfield>
  </datafield>
</record>
